Neurologic interventions for physical therapy / (Record no. 2349)

MARC details
000 -LEADER
fixed length control field 01290cam a2200373 i 4500
008 - FIXED-LENGTH DATA ELEMENTS--GENERAL INFORMATION
fixed length control field 221102s2021 paua b 001 0 eng c
020 ## - INTERNATIONAL STANDARD BOOK NUMBER
ISBN 9780323661751
020 ## - INTERNATIONAL STANDARD BOOK NUMBER
ISBN 0323661750
100 1# - MAIN ENTRY--AUTHOR
Author Martin, Suzanne
245 10 - TITLE STATEMENT
Title Neurologic interventions for physical therapy /
Statement of responsibility, etc Suzanne "Tink" Martin, Mary Kessler.
250 ## - EDITION STATEMENT
Edition statement Fourth edition.
260 ## - PUBLICATION, DISTRIBUTION, ETC. (IMPRINT)
Place of publication Philadelphia
Name of publisher Elsevier
Date of publication 2021
300 ## - COLLATION
Pagination ix, 576 pages :
Other physical details illustrations ;
650 #0 - TRACINGS
Main Subject Nervous system
Subdivision (2nd) Diseases
-- Physical therapy.
650 #0 - TRACINGS
Main Subject Nervous system
Subdivision (2nd) Wounds and injuries
-- Physical therapy.
650 #0 - TRACINGS
Main Subject Motor ability.
650 #0 - TRACINGS
Main Subject Physical therapy.
650 12 - TRACINGS
Main Subject Nervous System Diseases
Subdivision (2nd) rehabilitation
650 22 - TRACINGS
Main Subject Motor Skills
650 22 - TRACINGS
Main Subject Physical Therapy Modalities
650 22 - TRACINGS
Main Subject Trauma, Nervous System
Subdivision (2nd) rehabilitation
650 #2 - TRACINGS
Main Subject Motor Activity
650 #2 - TRACINGS
Main Subject Physical Therapy Specialty
650 #6 - TRACINGS
Main Subject Système nerveux
Subdivision (2nd) Maladies
-- Physiothérapie.
650 #6 - TRACINGS
Main Subject Système nerveux
Subdivision (2nd) Lésions et blessures
-- Physiothérapie.
650 #6 - TRACINGS
Main Subject Activité motrice.
650 #6 - TRACINGS
Main Subject Physiothérapie.
650 #7 - TRACINGS
Main Subject Physical therapy.
650 #7 - TRACINGS
Main Subject Motor ability.
650 #7 - TRACINGS
Main Subject Nervous system
Subdivision (2nd) Diseases
-- Physical therapy
700 1# - ADDITIONAL AUTHOR
Additional Author Kessler, Mary,
942 ## - ADDED ENTRY ELEMENTS (KOHA)
Item type Books
050 00 - LIBRARY OF CONGRESS CALL NUMBER
Classification number RC350.P48
Item number M37 2021
Holdings
Source of classification or shelving scheme Not for loan Permanent location Current location Date acquired Accession No. Full call number Barcode. Koha item type
Library of Congress Classification   Medical Library Medical Library 03/14/2025 2024/64043 RC350.P48.M37 2025-0618 Books
Library of Congress Classification   Medical Library Medical Library 03/25/2025 2024/64043 RC350.P48.M37 2025-0986 Books